Vlijanie gosudarstva na razvitije NIOKR v SŠA.
Formy vplyvu štátu v USA na výskumno-vývojové práce: vládne objednávky, federálne objednávky, nákup tovarov a služieb federálnou vládou, štátne zmluvy, granty, objednávky štátov a miestnych orgánov. Možnosti využitia skúseností USA pri realizácii štátnych objednávok v ZSSR.
Salvato in:
| Autore principale: | |
|---|---|
| Altri autori: | |
| Natura: | Capitolo di libro |
| Lingua: | russo |
| Soggetti: | |
| Tags: |
Nessun Tag, puoi essere il primo ad aggiungerne!!
|
MARC
| LEADER | 00000naa a2200000 4500 | ||
|---|---|---|---|
| 001 | r004337 | ||
| 005 | 20221130103813.6 | ||
| 041 | 0 | |a rus | |
| 044 | |a [SU] | ||
| 245 | 1 | 0 | |a Vlijanie gosudarstva na razvitije NIOKR v SŠA. |c V. Simakov, V. Kazakov |
| 520 | |a Formy vplyvu štátu v USA na výskumno-vývojové práce: vládne objednávky, federálne objednávky, nákup tovarov a služieb federálnou vládou, štátne zmluvy, granty, objednávky štátov a miestnych orgánov. Možnosti využitia skúseností USA pri realizácii štátnych objednávok v ZSSR. | ||
| 610 | 2 | 0 | |a práca vedeckovýskumná |
| 610 | 2 | 0 | |a práca vývojová |
| 610 | 2 | 0 | |a práca konštrukčná |
| 610 | 2 | 0 | |a štát |
| 610 | 2 | 0 | |a USA |
| 610 | 2 | 0 | |a ZSSR |
| 610 | 2 | 0 | |a objednávky |
| 100 | 1 | |a Simakov, V. | |
| 700 | 1 | |a Kazakov, V. | |